Mi nombre es Stilton, Geronimo Stilton / (Registro nro. 4532)
[ vista simple ]
| 000 -LEADER | |
|---|---|
| fixed length control field | 01027nam a2200241Ia 4500 |
| 003 - CONTROL NUMBER IDENTIFIER | |
| control field | OSt |
| 005 - DATE AND TIME OF LATEST TRANSACTION | |
| control field | 20250711154503.0 |
| 008 - FIXED-LENGTH DATA ELEMENTS--GENERAL INFORMATION | |
| fixed length control field | 191128t2003 ck a br 000 f spa d |
| 020 ## - INTERNATIONAL STANDARD BOOK NUMBER | |
| International Standard Book Number | 9789584212375 |
| 040 ## - CATALOGING SOURCE | |
| Original cataloging agency | CO-JMCR |
| Transcribing agency | CO-JMCR |
| 041 ## - LANGUAGE CODE | |
| Language code of text/sound track or separate title | spa |
| 082 ## - DEWEY DECIMAL CLASSIFICATION NUMBER | |
| Classification number | N |
| Item number | STIm |
| 100 1# - MAIN ENTRY--PERSONAL NAME | |
| Personal name | Stilton, Geronimo, |
| Relator term | autor |
| 9 (RLIN) | 8224 |
| 245 10 - TITLE STATEMENT | |
| Title | Mi nombre es Stilton, Geronimo Stilton / |
| Statement of responsibility, etc. | Geronimo Stilton ; traducción de Manuel Manzano |
| 260 ## - PUBLICATION, DISTRIBUTION, ETC. | |
| Place of publication, distribution, etc. | Bogotá : |
| Name of publisher, distributor, etc. | Destino, |
| Date of publication, distribution, etc. | ©2003 |
| 300 ## - PHYSICAL DESCRIPTION | |
| Extent | 117 páginas : |
| Other physical details | ilustraciones a color ; |
| Dimensions | 20 cm. |
| 490 0# - SERIES STATEMENT | |
| Series statement | Destino infantil [y] juvenil. Camaleón |
| 520 ## - SUMMARY, ETC. | |
| Summary, etc. | La agitada vida de periodista y editor del periódico le lleva a buscar un ayudante que sea capaz de liberarlo de algunas tareas. El apuro y el agobio hacen que contrate a Pinky Pick, una ratoncita adolescente que traerá aire fresco a la redacción. |
| 534 ## - ORIGINAL VERSION NOTE | |
| Introductory phrase | Il mio nome e Stilton, Geronimo Stilton |
| 650 14 - SUBJECT ADDED ENTRY--TOPICAL TERM | |
| Topical term or geographic name entry element | Novela infantil italiana |
| 9 (RLIN) | 8227 |
| 700 ## - ADDED ENTRY--PERSONAL NAME | |
| Personal name | Manzano, Manuel, |
| Relator term | traductor |
| 9 (RLIN) | 8228 |
| 942 ## - ADDED ENTRY ELEMENTS (KOHA) | |
| Source of classification or shelving scheme | Dewey Decimal Classification |
| Koha item type | Books |
| Withdrawn status | Lost status | Source of classification or shelving scheme | Damaged status | Not for loan | Collection code | Home library | Current library | Date acquired | Source of acquisition | Total Checkouts | Total Renewals | Full call number | Barcode | Date last seen | Date last checked out | Copy number | Koha item type |
|---|---|---|---|---|---|---|---|---|---|---|---|---|---|---|---|---|---|
| Dewey Decimal Classification | Fiction | Biblioteca Pública José María del Castillo y Rada | Biblioteca Pública José María del Castillo y Rada | 11/28/2019 | Donación | 10 | 6 | N STIm | 201811808 | 04/15/2026 | 04/15/2026 | Ej.1 | Books |